[Event "Subotica-ch"]
[Site "Subotica"]
[Date "2013.05.22"]
[Round "5"]
[White "Puhalo, Zdravko"]
[Black "Jelovac, Ivko"]
[Result "1-0"]
[WhiteElo "2064"]
[BlackElo "1895"]
[PlyCount "79"]
[EventDate "2013.05.13"]
[EventType "swiss"]
[EventRounds "9"]
[EventCountry "SRB"]
[SourceTitle "CBM 154 Extra"]
[Source "ChessBase"]
[SourceDate "2013.06.25"]
[SourceVersion "2"]
[SourceVersionDate "2013.06.25"]
[SourceQuality "1"]

1. e4 c5 2. f4 d6 3. Bb5+ Bd7 4. Qe2 Nc6 5. Nf3 Qb6 6. Nc3 e6 7. f5 Nd4 8. Bxd7+ Kxd7 9. fxe6+ fxe6 10. Nxd4 cxd4 11. Nb5 a6 12. Na3 Qc7 13. 0-0 Nf6 14. d3 Be7 15. g4 h6 16. Bd2 Raf8 17. Nc4 b6 18. Rae1 Nh7 19. a4 Rxf1+ 20. Rxf1 Rf8 21. Rxf8 Bxf8 22. a5 b5 23. Nb6+ Ke8 24. Bf4 Be7 25. Bg3 Qc5 26. h4 Bd8 27. e5 d5 28. g5 Bxb6 29. axb6 Qxb6 30. Qh5+ Ke7 31. Qg6 Nf8 32. Qxg7+ Ke8 33. g6 Nxg6 34. Qxg6+ Kd7 35. Qf7+ Kc8 36. Qf8+ Kb7 37. Qd6 Qxd6 38. exd6 h5 39. b4 Kc6 40. Be5 1-0

[Event "Subotica Autumn op"]
[Site "Subotica"]
[Date "2012.12.22"]
[Round "8"]
[White "Puhalo, Zdravko"]
[Black "Hegedus, Antal"]
[Result "1-0"]
[WhiteElo "2038"]
[BlackElo "1959"]
[PlyCount "83"]
[EventDate "2012.12.14"]
[EventType "swiss"]
[EventRounds "9"]
[EventCountry "SRB"]
[SourceTitle "EXT 2014"]
[Source "ChessBase"]
[SourceDate "2013.11.20"]
[SourceVersion "1"]
[SourceVersionDate "2013.11.20"]
[SourceQuality "1"]

1. d4 d5 2. c4 e6 3. Nc3 Nf6 4. Nf3 Be7 5. Bf4 c6 6. e3 Nbd7 7. Qc2 dxc4 8. Bxc4 Nd5 9. Bg3 Qa5 10. 0-0 N5f6 11. a3 g6 12. b4 Qd8 13. Be5 0-0 14. Bxf6 Bxf6 15. Ne4 Bg7 16. Rac1 a6 17. Ned2 h5 18. Nb3 h4 19. h3 Qf6 20. Nbd2 Qe7 21. Ne4 f5 22. Nc5 g5 23. Nh2 Nb6 24. Bb3 Kh8 25. Qe2 Rf6 26. e4 e5 27. exf5 Bxf5 28. dxe5 Rh6 29. Rce1 Re8 30. Bc2 Bxe5 31. Qd2 Nc4 32. Qc1 Bxc2 33. Qxc2 Nxa3 34. Qd3 Bxh2+ 35. Kxh2 Qc7+ 36. Kg1 Rxe1 37. Rxe1 Nb5 38. Re8+ Kg7 39. Ne6+ Rxe6 40. Rxe6 Qf7 41. Qe3 Kf8 42. Qe5 1-0

[Event "Subotica Autumn op"]
[Site "Subotica"]
[Date "2012.12.16"]
[Round "3"]
[White "Szabados, Karoly"]
[Black "Puhalo, Zdravko"]
[Result "1-0"]
[WhiteElo "2124"]
[BlackElo "2038"]
[PlyCount "71"]
[EventDate "2012.12.14"]
[EventType "swiss"]
[EventRounds "9"]
[EventCountry "SRB"]
[SourceTitle "EXT 2014"]
[Source "ChessBase"]
[SourceDate "2013.11.20"]
[SourceVersion "1"]
[SourceVersionDate "2013.11.20"]
[SourceQuality "1"]

1. b3 Nf6 2. g3 d6 3. Bb2 g6 4. Bg2 Bg7 5. d3 Nc6 6. Nd2 e5 7. e3 a5 8. a3 0-0 9. Ne2 Bd7 10. h3 Rb8 11. c4 Re8 12. Qc2 b6 13. 0-0 Qc8 14. Kh2 Ne7 15. d4 Nc6 16. d5 Ne7 17. b4 Qa6 18. e4 Qb7 19. f4 exf4 20. Nxf4 Bc8 21. e5 Bf5 22. Qb3 dxe5 23. d6 Qc8 24. Bxe5 cxd6 25. Bxd6 Ra8 26. Rae1 Nc6 27. Qf3 g5 28. Nd5 Nd4 29. Nxf6+ Bxf6 30. Rxe8+ Qxe8 31. Qxa8 Qxa8 32. Bxa8 Kg7 33. c5 Bd3 34. Rxf6 Kxf6 35. cxb6 Ba6 36. b7 1-0

[Event "Subotica-ch"]
[Site "Subotica"]
[Date "2012.05.21"]
[Round "7"]
[White "Pajzer, Istvan"]
[Black "Puhalo, Zdravko"]
[Result "1-0"]
[WhiteElo "2080"]
[BlackElo "2030"]
[PlyCount "105"]
[EventDate "2012.05.07"]
[EventType "swiss"]
[EventRounds "9"]
[EventCountry "SRB"]
[SourceTitle "CBM 148 Extra"]
[Source "ChessBase"]
[SourceDate "2012.06.22"]
[SourceVersion "1"]
[SourceVersionDate "2012.06.22"]
[SourceQuality "1"]

1. e4 d6 2. d4 Nf6 3. Bd3 Nc6 4. Ne2 e5 5. c3 Be7 6. 0-0 0-0 7. h3 Nh5 8. g4 Nf6 9. f4 Nd7 10. Be3 b6 11. Nd2 Re8 12. Rf2 Rf8 13. Kh2 Nf6 14. Ng3 h6 15. Qf3 Nh7 16. Nf5 Bf6 17. d5 exf4 18. Bxf4 Ne5 19. Qe3 Bg5 20. Rg1 Bd7 21. Nc4 f6 22. Bxg5 hxg5 23. Nxe5 fxe5 24. Rgf1 Rf6 25. b4 a5 26. a3 Kh8 27. c4 axb4 28. axb4 Bxf5 29. exf5 Ra4 30. Rb1 Qa8 31. Kg2 Ra2 32. Rbf1 Rxf2+ 33. Rxf2 Qa3 34. Qd2 Rh6 35. Rf3 Qa1 36. Be2 Kg8 37. Rb3 Kh8 38. c5 Nf6 39. cxb6 cxb6 40. Rc3 Kh7 41. Rc7 e4 42. Qxg5 Ne8 43. Re7 Qf6 44. Qxf6 Nxf6 45. Bc4 Ng8 46. Rxe4 Rf6 47. Re6 Rxe6 48. dxe6 Ne7 49. g5 Ng8 50. Kf3 Kh8 51. Bd3 d5 52. b5 Ne7 53. f6 1-0